[Event "Blitz 2018"]
[Site "Saint-Petersburg"]
[Date "2018.12.30"]
[Round "17"]
[Board "5"]
[White "Giri Anish (NED)"]
[Black "Tsydypov Zhamsaran (RUS)"]
[Result "1-0"]
[LiveChessVersion "1.4.8"]
[BlackElo "2573"]
[WhiteElo "2751"]

1. e4 c5 2. Nf3 d6 3. Bb5+ {[%clk 0:03:05]} Nd7 {[%clk 0:03:02]} 4. a4
{[%clk 0:03:07]} Ngf6 {[%clk 0:02:57]} 5. Nc3 {[%clk 0:03:08]} e6
{[%clk 0:02:52]} 6. O-O {[%clk 0:03:08]} a6 {[%clk 0:02:52]} 7. Be2
{[%clk 0:03:08]} b6 {[%clk 0:02:48]} 8. d4 {[%clk 0:03:09]} cxd4 {[%clk 0:02:47]}
9. Qxd4 {[%clk 0:03:10]} Bb7 {[%clk 0:02:43]} 10. Rd1 {[%clk 0:03:11]} Qc7
{[%clk 0:02:33]} 11. Be3 {[%clk 0:03:12]} Be7 {[%clk 0:02:24]} 12. Nd2
{[%clk 0:03:12]} Nc5 {[%clk 0:01:33]} 13. b4 {[%clk 0:02:59]} Ncd7
{[%clk 0:01:31]} 14. Nc4 {[%clk 0:02:42]} O-O {[%clk 0:01:21]} 15. Ra3
{[%clk 0:02:17]} d5 {[%clk 0:00:50]} 16. exd5 {[%clk 0:02:12]} Nxd5
{[%clk 0:00:51]} 17. Nxd5 {[%clk 0:02:09]} Bxd5 {[%clk 0:00:52]} 18. Bf4
{[%clk 0:02:08]} Qb7 {[%clk 0:00:45]} 19. Nd6 {[%clk 0:01:40]} Qc6
{[%clk 0:00:34]} 20. c4 {[%clk 0:01:07]} Bxd6 {[%clk 0:00:20]} 21. cxd5
{[%clk 0:01:08]} exd5 {[%clk 0:00:16]} 22. Rc3 {[%clk 0:01:02]} Qxc3
{[%clk 0:00:16]} 23. Qxc3 {[%clk 0:01:03]} Bxf4 {[%clk 0:00:17]} 24. Qf3
{[%clk 0:01:01]} Bh6 {[%clk 0:00:10]} 25. Rxd5 {[%clk 0:00:57]} Nf6
{[%clk 0:00:11]} 26. Rd6 {[%clk 0:00:58]} b5 {[%clk 0:00:10]} 27. a5
{[%clk 0:00:53]} Rfe8 {[%clk 0:00:09]} 28. g3 {[%clk 0:00:41]} Ne4
{[%clk 0:00:10]} 29. Rd7 {[%clk 0:00:36]} Ng5 {[%clk 0:00:11]} 30. Qd5
{[%clk 0:00:30]} Rac8 {[%clk 0:00:12]} 31. Bf1 {[%clk 0:00:28]} Ne6
{[%clk 0:00:09]} 32. Qf5 {[%clk 0:00:26]} Ng5 {[%clk 0:00:09]} 33. h4
{[%clk 0:00:26]} g6 {[%clk 0:00:10]} 34. Qf6 {[%clk 0:00:22]} Re6
{[%clk 0:00:06]} 35. Rd8+ {[%clk 0:00:23]} Bf8 {[%clk 0:00:07]} 36. Qxg5
{[%clk 0:00:22]} 1-0

[Event "Blitz 2018"]
[Site "Saint-Petersburg"]
[Date "2018.12.30"]
[Round "17"]
[Board "7"]
[White "Zubov Alexander (UKR)"]
[Black "Golubov Saveliy (RUS)"]
[Result "1/2-1/2"]
[LiveChessVersion "1.4.8"]
[BlackElo "2574"]
[WhiteElo "2729"]

1. d4 {[%clk 0:03:03]} Nf6 {[%clk 0:03:04]} 2. Nf3 {[%clk 0:03:03]} g6
{[%clk 0:03:05]} 3. c4 {[%clk 0:03:00]} Bg7 {[%clk 0:03:06]} 4. Nc3
{[%clk 0:03:02]} O-O {[%clk 0:03:06]} 5. Bg5 {[%clk 0:03:02]} d6 {[%clk 0:03:07]}
6. e3 {[%clk 0:03:03]} Nbd7 {[%clk 0:02:58]} 7. Be2 {[%clk 0:03:04]} e5
{[%clk 0:02:59]} 8. Qc2 {[%clk 0:02:59]} exd4 {[%clk 0:02:43]} 9. Nxd4
{[%clk 0:02:58]} Nc5 {[%clk 0:02:39]} 10. Rd1 {[%clk 0:02:49]} a5
{[%clk 0:02:16]} 11. O-O {[%clk 0:02:43]} Re8 {[%clk 0:02:00]} 12. Bf3
{[%clk 0:02:41]} Bd7 {[%clk 0:01:29]} 13. Bf4 {[%clk 0:02:24]} Bg4
{[%clk 0:01:18]} 14. Bxg4 {[%clk 0:01:55]} Nxg4 {[%clk 0:01:19]} 15. Ndb5
{[%clk 0:01:45]} Ne5 {[%clk 0:00:42]} 16. b3 {[%clk 0:01:43]} Na6
{[%clk 0:00:38]} 17. Qe2 {[%clk 0:01:40]} Nd7 {[%clk 0:00:29]} 18. Rc1
{[%clk 0:01:26]} Ndc5 {[%clk 0:00:19]} 19. Rfd1 {[%clk 0:01:25]} a4
{[%clk 0:00:19]} 20. bxa4 {[%clk 0:01:02]} Ne6 {[%clk 0:00:20]} 21. Bg3
{[%clk 0:01:02]} Nac5 {[%clk 0:00:22]} 22. Qc2 {[%clk 0:01:02]} Re7
{[%clk 0:00:06]} 23. Bh4 {[%clk 0:01:01]} g5 {[%clk 0:00:07]} 24. Bg3
{[%clk 0:01:01]} Rd7 {[%clk 0:00:08]} 25. Rd2 {[%clk 0:00:57]} h5
{[%clk 0:00:04]} 26. h3 {[%clk 0:00:57]} h4 {[%clk 0:00:05]} 27. Bh2
{[%clk 0:00:58]} c6 {[%clk 0:00:05]} 28. Nxd6 {[%clk 0:00:42]} Qa5
{[%clk 0:00:07]} 29. Nf5 {[%clk 0:00:16]} Rxd2 {[%clk 0:00:07]} 30. Qxd2
{[%clk 0:00:17]} Rd8 {[%clk 0:00:08]} 31. Qc2 {[%clk 0:00:18]} Qxc3
{[%clk 0:00:05]} 32. Qb1 {[%clk 0:00:16]} Qb2 {[%clk 0:00:05]} 33. Qxb2
{[%clk 0:00:13]} Bxb2 {[%clk 0:00:06]} 34. Rb1 {[%clk 0:00:15]} Nxa4
{[%clk 0:00:06]} 35. g3 {[%clk 0:00:14]} Rd2 {[%clk 0:00:06]} 36. gxh4
{[%clk 0:00:15]} Nc3 {[%clk 0:00:07]} 37. Rf1 {[%clk 0:00:16]} gxh4
{[%clk 0:00:07]} 38. Nxh4 {[%clk 0:00:16]} Ne4 {[%clk 0:00:05]} 39. Nf5
{[%clk 0:00:16]} N6g5 {[%clk 0:00:04]} 40. Kg2 {[%clk 0:00:16]} Ne6
{[%clk 0:00:04]} 41. Kf3 {[%clk 0:00:16]} N4g5+ {[%clk 0:00:05]} 42. Kg2
{[%clk 0:00:17]} Ne4 {[%clk 0:00:05]} 43. Kf3 {[%clk 0:00:18]} N4g5+
{[%clk 0:00:07]} 44. Kg2 {[%clk 0:00:19]} Ne4 {[%clk 0:00:08]} 45. Kf3
{[%clk 0:00:18]} N4g5+ {[%clk 0:00:10]} 46. Kg2 {[%clk 0:00:19]} Ne4
{[%clk 0:00:06]} 47. Kf3 1/2-1/2

[Event "Blitz 2018"]
[Site "Saint-Petersburg"]
[Date "2018.12.30"]
[Round "17"]
[Board "8"]
[White "Jones Gawain C B (ENG)"]
[Black "Nihal Sarin (IND)"]
[Result "0-1"]
[LiveChessVersion "1.4.8"]
[BlackElo "2506"]
[WhiteElo "2722"]

1. e4 {[%clk 0:03:03]} e5 {[%clk 0:03:01]} 2. d4 {[%clk 0:03:03]} exd4
{[%clk 0:02:59]} 3. Nf3 {[%clk 0:03:05]} Nc6 {[%clk 0:02:51]} 4. Bc4
{[%clk 0:03:05]} Bc5 {[%clk 0:02:26]} 5. c3 {[%clk 0:03:06]} Nf6 {[%clk 0:02:16]}
6. e5 {[%clk 0:03:07]} d5 {[%clk 0:02:17]} 7. Bb5 {[%clk 0:03:08]} Ne4
{[%clk 0:02:18]} 8. cxd4 {[%clk 0:03:08]} Bb6 {[%clk 0:02:09]} 9. Nc3
{[%clk 0:03:09]} O-O {[%clk 0:01:59]} 10. Be3 {[%clk 0:03:10]} Ba5
{[%clk 0:01:55]} 11. Rc1 {[%clk 0:02:39]} Ne7 {[%clk 0:01:43]} 12. O-O
{[%clk 0:02:34]} c6 {[%clk 0:01:44]} 13. Bd3 {[%clk 0:02:34]} Bf5
{[%clk 0:01:45]} 14. Nh4 {[%clk 0:02:30]} Nxc3 {[%clk 0:01:28]} 15. bxc3
{[%clk 0:02:31]} Bxd3 {[%clk 0:01:28]} 16. Qxd3 {[%clk 0:02:32]} Qd7
{[%clk 0:01:28]} 17. Bg5 {[%clk 0:02:29]} Ng6 {[%clk 0:01:16]} 18. Nf5
{[%clk 0:02:08]} Bc7 {[%clk 0:01:04]} 19. Rce1 {[%clk 0:02:04]} Rae8
{[%clk 0:01:03]} 20. Bc1 {[%clk 0:01:53]} Ne7 {[%clk 0:01:01]} 21. Nxe7+
{[%clk 0:01:34]} Qxe7 {[%clk 0:01:00]} 22. f4 {[%clk 0:01:31]} f5
{[%clk 0:00:56]} 23. Re2 {[%clk 0:01:25]} Qe6 {[%clk 0:00:57]} 24. Ba3
{[%clk 0:01:25]} Rf7 {[%clk 0:00:58]} 25. Rb1 {[%clk 0:01:24]} b6
{[%clk 0:00:46]} 26. Rc2 {[%clk 0:01:24]} Rd7 {[%clk 0:00:46]} 27. Kh1
{[%clk 0:01:23]} Bd8 {[%clk 0:00:47]} 28. c4 {[%clk 0:01:19]} Be7
{[%clk 0:00:44]} 29. Bxe7 {[%clk 0:01:16]} Rexe7 {[%clk 0:00:41]} 30. c5
{[%clk 0:01:16]} b5 {[%clk 0:00:40]} 31. Qa3 {[%clk 0:01:15]} h6 {[%clk 0:00:34]}
32. Qa6 {[%clk 0:01:14]} Kh7 {[%clk 0:00:33]} 33. Rf2 {[%clk 0:01:12]} Qg6
{[%clk 0:00:34]} 34. Kg1 {[%clk 0:01:06]} Qe6 {[%clk 0:00:34]} 35. Rb3
{[%clk 0:01:07]} Qg6 {[%clk 0:00:34]} 36. Qc8 {[%clk 0:01:03]} Rc7
{[%clk 0:00:33]} 37. Qd8 {[%clk 0:00:58]} Qg4 {[%clk 0:00:28]} 38. Rbf3
{[%clk 0:00:55]} Red7 {[%clk 0:00:27]} 39. Qa8 {[%clk 0:00:50]} Qg6
{[%clk 0:00:26]} 40. Re3 {[%clk 0:00:46]} Qe6 {[%clk 0:00:26]} 41. Qf8
{[%clk 0:00:41]} Re7 {[%clk 0:00:24]} 42. Rb2 {[%clk 0:00:36]} Rc8
{[%clk 0:00:24]} 43. Qxe7 {[%clk 0:00:34]} Qxe7 {[%clk 0:00:25]} 44. e6
{[%clk 0:00:35]} a5 {[%clk 0:00:25]} 45. Re5 {[%clk 0:00:36]} Rf8
{[%clk 0:00:26]} 46. Rbe2 {[%clk 0:00:35]} b4 {[%clk 0:00:28]} 47. Kf2 a4 48.
R5e3 {[%clk 0:00:33]} Rf6 {[%clk 0:00:30]} 49. Ke1 {[%clk 0:00:34]} b3
{[%clk 0:00:30]} 50. axb3 {[%clk 0:00:33]} a3 {[%clk 0:00:30]} 51. b4
{[%clk 0:00:29]} a2 {[%clk 0:00:30]} 52. Rxa2 {[%clk 0:00:30]} Rxe6
{[%clk 0:00:31]} 53. Rxe6 {[%clk 0:00:30]} Qxe6+ {[%clk 0:00:33]} 54. Re2
{[%clk 0:00:31]} Qc8 {[%clk 0:00:34]} 55. b5 {[%clk 0:00:27]} cxb5
{[%clk 0:00:34]} 56. Rb2 {[%clk 0:00:27]} Qa6 {[%clk 0:00:35]} 57. Kd2
{[%clk 0:00:24]} Kg8 {[%clk 0:00:35]} 58. Rc2 {[%clk 0:00:25]} Qc6
{[%clk 0:00:36]} 59. Kc3 {[%clk 0:00:26]} Kf7 {[%clk 0:00:36]} 60. Kb4
{[%clk 0:00:28]} Qa6 {[%clk 0:00:28]} 61. c6 {[%clk 0:00:27]} Qa4+
{[%clk 0:00:29]} 62. Kc3 {[%clk 0:00:28]} Ke7 {[%clk 0:00:28]} 63. c7
{[%clk 0:00:28]} Kd7 {[%clk 0:00:30]} 64. Kd2 {[%clk 0:00:29]} Qxd4+
{[%clk 0:00:30]} 65. Kc1 {[%clk 0:00:31]} Kc8 {[%clk 0:00:30]} 66. g3
{[%clk 0:00:32]} Qc4 {[%clk 0:00:30]} 67. Kd2 {[%clk 0:00:31]} Kxc7
{[%clk 0:00:31]} 68. Rxc4+ {[%clk 0:00:32]} bxc4 {[%clk 0:00:32]} 69. Kc3
{[%clk 0:00:33]} Kc6 {[%clk 0:00:34]} 70. Kd4 {[%clk 0:00:35]} Kd6
{[%clk 0:00:35]} 71. h3 {[%clk 0:00:35]} g6 {[%clk 0:00:35]} 72. g4
{[%clk 0:00:36]} Ke6 {[%clk 0:00:35]} 73. Kc3 {[%clk 0:00:37]} fxg4
{[%clk 0:00:35]} 74. hxg4 {[%clk 0:00:38]} h5 {[%clk 0:00:36]} 75. f5+
{[%clk 0:00:39]} Kf6 {[%clk 0:00:36]} 76. Kd4 Ke5+ 0-1

[Event "Blitz 2018"]
[Site "Saint-Petersburg"]
[Date "2018.12.30"]
[Round "17"]
[Board "9"]
[White "Indjic Aleksandar (SRB)"]
[Black "Dreev Aleksey (RUS)"]
[Result "1/2-1/2"]
[LiveChessVersion "1.4.8"]
[BlackElo "2675"]
[WhiteElo "2643"]

1. d4 {[%clk 0:03:01]} d5 {[%clk 0:03:03]} 2. c4 {[%clk 0:03:02]} c6
{[%clk 0:03:05]} 3. Nf3 {[%clk 0:03:02]} Nf6 {[%clk 0:03:05]} 4. Nc3
{[%clk 0:03:03]} e6 {[%clk 0:03:06]} 5. Bg5 {[%clk 0:03:04]} Nbd7
{[%clk 0:03:07]} 6. e3 {[%clk 0:03:05]} Qa5 {[%clk 0:03:08]} 7. cxd5
{[%clk 0:03:01]} Nxd5 {[%clk 0:03:08]} 8. Qd2 {[%clk 0:02:58]} Bb4
{[%clk 0:03:08]} 9. Rc1 {[%clk 0:02:59]} h6 {[%clk 0:02:42]} 10. Bh4
{[%clk 0:02:59]} b6 {[%clk 0:02:40]} 11. Bd3 {[%clk 0:02:59]} Ba6
{[%clk 0:02:34]} 12. O-O {[%clk 0:02:56]} Bxd3 {[%clk 0:02:33]} 13. Qxd3
{[%clk 0:02:57]} Nxc3 {[%clk 0:02:21]} 14. bxc3 {[%clk 0:02:57]} Ba3
{[%clk 0:02:22]} 15. Rb1 {[%clk 0:02:56]} O-O {[%clk 0:02:19]} 16. c4
{[%clk 0:02:56]} Bd6 {[%clk 0:01:44]} 17. Qc2 {[%clk 0:02:24]} Qh5
{[%clk 0:01:35]} 18. Rfd1 {[%clk 0:02:18]} Rac8 {[%clk 0:01:16]} 19. c5
{[%clk 0:02:10]} Bb8 {[%clk 0:01:13]} 20. cxb6 {[%clk 0:01:45]} axb6
{[%clk 0:01:14]} 21. e4 {[%clk 0:01:41]} Rfe8 {[%clk 0:00:56]} 22. Qa4
{[%clk 0:01:20]} b5 {[%clk 0:00:55]} 23. Qa6 {[%clk 0:01:20]} Qg4
{[%clk 0:00:53]} 24. Re1 {[%clk 0:01:11]} Nf8 {[%clk 0:00:44]} 25. Rbc1
{[%clk 0:01:09]} e5 {[%clk 0:00:39]} 26. dxe5 {[%clk 0:01:05]} Ng6
{[%clk 0:00:39]} 27. Bg3 {[%clk 0:01:04]} Nxe5 {[%clk 0:00:37]} 28. Nxe5 Bxe5 29.
Rxc6 {[%clk 0:00:49]} Bxg3 {[%clk 0:00:35]} 30. hxg3 {[%clk 0:00:50]} Ra8
{[%clk 0:00:35]} 31. Qxb5 {[%clk 0:00:49]} Rxe4 {[%clk 0:00:30]} 32. Rcc1
{[%clk 0:00:38]} Rxe1+ {[%clk 0:00:29]} 33. Rxe1 {[%clk 0:00:39]} Qa4
{[%clk 0:00:24]} 34. Qxa4 {[%clk 0:00:39]} Rxa4 {[%clk 0:00:26]} 35. Ra1
{[%clk 0:00:39]} Ra3 {[%clk 0:00:26]} 36. Kf1 {[%clk 0:00:40]} Kf8
{[%clk 0:00:27]} 37. Ke2 {[%clk 0:00:41]} Ke7 {[%clk 0:00:28]} 38. Kd2
{[%clk 0:00:42]} Kd6 {[%clk 0:00:27]} 39. Kc2 {[%clk 0:00:44]} Kc5
{[%clk 0:00:18]} 40. Kb2 {[%clk 0:00:45]} Rd3 {[%clk 0:00:19]} 41. Rc1+
{[%clk 0:00:45]} Kb6 {[%clk 0:00:21]} 42. Rc3 {[%clk 0:00:41]} Rd2+
{[%clk 0:00:21]} 43. Rc2 {[%clk 0:00:43]} Rd1 {[%clk 0:00:22]} 44. Kb3
{[%clk 0:00:43]} h5 {[%clk 0:00:19]} 45. f3 {[%clk 0:00:43]} Rd5 {[%clk 0:00:17]}
46. Kc4 {[%clk 0:00:25]} Rg5 {[%clk 0:00:16]} 47. Rb2+ {[%clk 0:00:26]} Ka6
{[%clk 0:00:11]} 48. Kd5 {[%clk 0:00:24]} Rxg3 {[%clk 0:00:12]} 49. Ke4
{[%clk 0:00:25]} h4 {[%clk 0:00:13]} 50. f4 {[%clk 0:00:23]} g6 {[%clk 0:00:08]}
51. Ke5 {[%clk 0:00:24]} Rg4 {[%clk 0:00:08]} 52. Rf2 {[%clk 0:00:24]} f5
{[%clk 0:00:08]} 53. Rb2 {[%clk 0:00:25]} Ka5 {[%clk 0:00:09]} 54. Rf2
{[%clk 0:00:18]} Ka4 {[%clk 0:00:11]} 55. Re2 {[%clk 0:00:18]} Ka3
{[%clk 0:00:12]} 56. Rf2 {[%clk 0:00:19]} Rg3 {[%clk 0:00:11]} 57. Kf6
{[%clk 0:00:19]} Rg4 {[%clk 0:00:12]} 58. Ke5 {[%clk 0:00:15]} Rg3
{[%clk 0:00:12]} 59. Re2 {[%clk 0:00:13]} Rg4 {[%clk 0:00:12]} 60. Rf2
{[%clk 0:00:14]} 1/2-1/2

[Event "Blitz 2018"]
[Site "Saint-Petersburg"]
[Date "2018.12.30"]
[Round "17"]
[Board "10"]
[White "Matlakov Maxim (RUS)"]
[Black "Maghsoodloo Parham (IRI)"]
[Result "1-0"]
[LiveChessVersion "1.4.8"]
[BlackElo "2642"]
[WhiteElo "2653"]

1. e4 {[%clk 0:03:03]} c5 {[%clk 0:03:01]} 2. Nf3 {[%clk 0:03:04]} Nc6
{[%clk 0:03:03]} 3. d4 {[%clk 0:03:05]} cxd4 {[%clk 0:03:04]} 4. Nxd4
{[%clk 0:03:06]} Nf6 {[%clk 0:03:05]} 5. Nc3 {[%clk 0:03:07]} d6 {[%clk 0:03:06]}
6. Bg5 {[%clk 0:03:04]} e6 {[%clk 0:03:07]} 7. Bb5 {[%clk 0:03:05]} Bd7
{[%clk 0:03:07]} 8. Qd3 {[%clk 0:03:06]} Be7 {[%clk 0:03:06]} 9. O-O-O
{[%clk 0:03:05]} O-O {[%clk 0:02:50]} 10. Bxc6 {[%clk 0:03:05]} bxc6
{[%clk 0:02:50]} 11. Nb3 {[%clk 0:03:06]} d5 {[%clk 0:02:50]} 12. e5
{[%clk 0:03:05]} Ng4 {[%clk 0:02:20]} 13. Bxe7 {[%clk 0:02:55]} Qxe7
{[%clk 0:02:21]} 14. Qd4 {[%clk 0:02:40]} Nh6 {[%clk 0:02:13]} 15. f4
{[%clk 0:02:14]} f6 {[%clk 0:02:14]} 16. Rhe1 {[%clk 0:02:13]} Nf7
{[%clk 0:01:58]} 17. Nc5 {[%clk 0:02:09]} fxe5 {[%clk 0:01:59]} 18. fxe5
{[%clk 0:02:10]} Nh6 {[%clk 0:01:50]} 19. N3a4 {[%clk 0:01:58]} Be8
{[%clk 0:01:49]} 20. Rf1 {[%clk 0:01:49]} Bh5 {[%clk 0:01:48]} 21. Rde1
{[%clk 0:01:46]} Nf5 {[%clk 0:01:43]} 22. Qd2 {[%clk 0:01:41]} Bg6
{[%clk 0:01:40]} 23. b3 {[%clk 0:01:34]} Rab8 {[%clk 0:01:38]} 24. g4
{[%clk 0:01:26]} Nh4 {[%clk 0:01:31]} 25. Qe2 {[%clk 0:01:03]} Rfe8
{[%clk 0:01:20]} 26. Kb2 {[%clk 0:01:01]} Rb5 {[%clk 0:01:20]} 27. Qf2
{[%clk 0:00:58]} h6 {[%clk 0:01:05]} 28. Nxe6 {[%clk 0:00:57]} Qxe6
{[%clk 0:01:02]} 29. Qxh4 {[%clk 0:00:58]} d4 {[%clk 0:00:53]} 30. g5
{[%clk 0:00:53]} hxg5 {[%clk 0:00:20]} 31. Qxg5 {[%clk 0:00:49]} c5
{[%clk 0:00:05]} 32. Rf6 {[%clk 0:00:46]} gxf6 {[%clk 0:00:03]} 33. Qxg6+
{[%clk 0:00:47]} Kf8 {[%clk 0:00:05]} 34. exf6 {[%clk 0:00:47]} Qf7
{[%clk 0:00:04]} 35. Qh6+ {[%clk 0:00:48]} Kg8 {[%clk 0:00:05]} 36. Rg1+
{[%clk 0:00:49]} 1-0

[Event "Blitz 2018"]
[Site "Saint-Petersburg"]
[Date "2018.12.30"]
[Round "17"]
[Board "12"]
[White "Nepomniachtchi Ian (RUS)"]
[Black "Cheparinov Ivan (GEO)"]
[Result "1-0"]
[LiveChessVersion "1.4.8"]
[BlackElo "2618"]
[WhiteElo "2846"]

1. e4 {[%clk 0:03:03]} e5 {[%clk 0:03:03]} 2. Nf3 Nc6 3. d4 {[%clk 0:03:04]} exd4
4. Nxd4 Qf6 {[%clk 0:03:06]} 5. Nb3 {[%clk 0:03:00]} Qg6 {[%clk 0:03:02]} 6. f3
{[%clk 0:02:55]} Bd6 {[%clk 0:03:01]} 7. g4 {[%clk 0:02:48]} h5 8. g5 f6
{[%clk 0:02:32]} 9. Nc3 {[%clk 0:02:44]} fxg5 {[%clk 0:02:10]} 10. Rg1
{[%clk 0:02:45]} g4 {[%clk 0:01:49]} 11. f4 {[%clk 0:02:45]} Nge7
{[%clk 0:01:47]} 12. Be3 {[%clk 0:02:42]} O-O 13. Qd2 a5 {[%clk 0:01:24]} 14. e5
{[%clk 0:02:14]} Nxe5 {[%clk 0:01:09]} 15. fxe5 {[%clk 0:02:13]} Bxe5
{[%clk 0:01:10]} 16. O-O-O {[%clk 0:02:09]} a4 {[%clk 0:01:05]} 17. Nd4
{[%clk 0:02:04]} a3 {[%clk 0:01:00]} 18. Bc4+ {[%clk 0:02:05]} Kh8
{[%clk 0:00:56]} 19. Rdf1 {[%clk 0:02:06]} axb2+ 20. Kb1 Bf6 {[%clk 0:00:50]} 21.
h3 {[%clk 0:01:59]} d5 {[%clk 0:00:51]} 22. Bd3 {[%clk 0:01:56]} Qe8
{[%clk 0:00:49]} 23. hxg4 {[%clk 0:01:57]} Bxg4 {[%clk 0:00:50]} 24. Rxg4 hxg4
25. Qh2+ Kg8 26. Qh7+ Kf7 27. Qh5+ {[%clk 0:01:51]} 1-0

[Event "Blitz 2018"]
[Site "Saint-Petersburg"]
[Date "2018.12.30"]
[Round "17"]
[Board "13"]
[White "Yudin Sergei (RUS)"]
[Black "Andreikin Dmitry (RUS)"]
[Result "0-1"]
[LiveChessVersion "1.4.8"]
[BlackElo "2777"]
[WhiteElo "2533"]

1. e4 {[%clk 0:03:02]} g6 {[%clk 0:03:04]} 2. d4 {[%clk 0:03:03]} Bg7
{[%clk 0:03:05]} 3. Nf3 {[%clk 0:03:03]} d6 {[%clk 0:03:06]} 4. c3
{[%clk 0:03:03]} Nf6 {[%clk 0:03:06]} 5. Bd3 {[%clk 0:03:03]} O-O
{[%clk 0:03:06]} 6. O-O {[%clk 0:03:03]} Nc6 {[%clk 0:03:07]} 7. h3
{[%clk 0:03:03]} e5 {[%clk 0:03:08]} 8. Re1 {[%clk 0:03:03]} Nh5 {[%clk 0:03:09]}
9. Bf1 {[%clk 0:02:36]} h6 {[%clk 0:03:09]} 10. Na3 {[%clk 0:02:29]} Bd7
{[%clk 0:02:59]} 11. Nc2 {[%clk 0:02:26]} Re8 {[%clk 0:02:54]} 12. Rb1
{[%clk 0:02:17]} a5 {[%clk 0:02:54]} 13. g3 {[%clk 0:02:06]} Nf6 {[%clk 0:02:32]}
14. d5 {[%clk 0:01:56]} Nb8 {[%clk 0:02:23]} 15. c4 {[%clk 0:01:56]} Na6
{[%clk 0:02:21]} 16. b3 {[%clk 0:01:43]} Rf8 {[%clk 0:02:16]} 17. a3
{[%clk 0:01:43]} Nc5 {[%clk 0:02:14]} 18. Nd2 {[%clk 0:01:42]} Qc8
{[%clk 0:02:14]} 19. Kh2 {[%clk 0:01:43]} Nh7 {[%clk 0:02:09]} 20. b4
{[%clk 0:01:28]} Na4 {[%clk 0:02:09]} 21. Rb3 {[%clk 0:01:28]} f5
{[%clk 0:02:06]} 22. exf5 {[%clk 0:01:25]} gxf5 {[%clk 0:01:53]} 23. f4
{[%clk 0:01:20]} e4 {[%clk 0:01:31]} 24. Ne3 {[%clk 0:01:10]} axb4
{[%clk 0:01:28]} 25. axb4 {[%clk 0:00:58]} Nc3 {[%clk 0:01:26]} 26. Qc2
{[%clk 0:00:59]} Ra2 {[%clk 0:01:04]} 27. Rb2 {[%clk 0:00:59]} Qa8
{[%clk 0:00:53]} 28. Nd1 {[%clk 0:00:46]} Rxb2 {[%clk 0:00:40]} 29. Bxb2
{[%clk 0:00:34]} Nxd1 {[%clk 0:00:39]} 30. Bxg7 {[%clk 0:00:31]} Kxg7
{[%clk 0:00:38]} 31. Rxd1 {[%clk 0:00:30]} Qa3 {[%clk 0:00:38]} 32. Rb1
{[%clk 0:00:26]} Qe3 {[%clk 0:00:35]} 33. Bg2 {[%clk 0:00:24]} Kf7
{[%clk 0:00:32]} 34. Nf1 {[%clk 0:00:25]} Qd4 {[%clk 0:00:31]} 35. Rd1
{[%clk 0:00:24]} Qf6 {[%clk 0:00:30]} 36. Ne3 {[%clk 0:00:25]} Ra8
{[%clk 0:00:25]} 37. c5 {[%clk 0:00:17]} Ra3 {[%clk 0:00:23]} 38. Nc4
{[%clk 0:00:13]} Rc3 {[%clk 0:00:24]} 39. Qe2 {[%clk 0:00:13]} h5
{[%clk 0:00:17]} 40. cxd6 {[%clk 0:00:13]} cxd6 {[%clk 0:00:17]} 41. Ne3
{[%clk 0:00:11]} h4 {[%clk 0:00:18]} 42. Qf2 {[%clk 0:00:09]} hxg3+
{[%clk 0:00:13]} 43. Qxg3 {[%clk 0:00:10]} Qh6 {[%clk 0:00:13]} 44. Nxf5
{[%clk 0:00:04]} Qf6 {[%clk 0:00:13]} 45. Nh6+ {[%clk 0:00:03]} Qxh6
{[%clk 0:00:08]} 46. Qxc3 {[%clk 0:00:04]} Nf6 {[%clk 0:00:09]} 47. Qg3
{[%clk 0:00:04]} Bg4 {[%clk 0:00:08]} 48. Rc1 {[%clk 0:00:05]} Bd7
{[%clk 0:00:07]} 49. Qg5 {[%clk 0:00:05]} Qh8 {[%clk 0:00:07]} 50. Rc7
{[%clk 0:00:06]} e3 {[%clk 0:00:07]} 51. Rc1 {[%clk 0:00:04]} Ng4+
{[%clk 0:00:05]} 52. Kg1 {[%clk 0:00:05]} Nf2 {[%clk 0:00:06]} 53. Re1
{[%clk 0:00:06]} Qd4 {[%clk 0:00:07]} 54. Qg3 {[%clk 0:00:05]} Nd1
{[%clk 0:00:07]} 55. Kh2 {[%clk 0:00:06]} Qd2 {[%clk 0:00:08]} 56. Kh1
{[%clk 0:00:06]} Nf2+ {[%clk 0:00:09]} 57. Kg1 {[%clk 0:00:07]} Qxe1+
{[%clk 0:00:10]} 58. Kh2 {[%clk 0:00:07]} Qc3 {[%clk 0:00:10]} 59. f5
{[%clk 0:00:06]} Bxf5 {[%clk 0:00:11]} 60. Qxd6 {[%clk 0:00:07]} Qd4
{[%clk 0:00:09]} 61. Qc7+ {[%clk 0:00:07]} Kg6 {[%clk 0:00:10]} 62. Qd6+
{[%clk 0:00:07]} Qf6 {[%clk 0:00:10]} 63. Qg3+ {[%clk 0:00:07]} Qg5
{[%clk 0:00:12]} 64. Qd6+ {[%clk 0:00:09]} Kg7 {[%clk 0:00:11]} 65. Qe5+
{[%clk 0:00:10]} Kg6 {[%clk 0:00:11]} 66. Qd6+ {[%clk 0:00:10]} Kh7
{[%clk 0:00:11]} 67. Qe5 {[%clk 0:00:09]} Nd3 {[%clk 0:00:12]} 68. Qe8
{[%clk 0:00:09]} Qf4+ {[%clk 0:00:12]} 69. Kg1 {[%clk 0:00:10]} Qe5
{[%clk 0:00:09]} 70. Qf7+ {[%clk 0:00:11]} Kh6 {[%clk 0:00:10]} 71. Qf8+
{[%clk 0:00:11]} Kg5 {[%clk 0:00:11]} 72. Qg8+ {[%clk 0:00:09]} Bg6
{[%clk 0:00:09]} 73. h4+ {[%clk 0:00:10]} Kf6 {[%clk 0:00:07]} 74. Qh8+
{[%clk 0:00:10]} Kf5 {[%clk 0:00:07]} 75. Qf8+ {[%clk 0:00:04]} Kg4
{[%clk 0:00:05]} 76. Qc8+ {[%clk 0:00:00]} Kxh4 {[%clk 0:00:05]} 0-1